000 00264nam a2200097Ia 4500
008 230508s2004 xx 000 0 und d
041 _aeng
100 _aAHO SETHI & ULLMAN
245 _aCOMPILERS PRINCIPLES TECHNIQUES & TOOLS
260 _bPEASON EDU. PVT. LTD
_c2004
999 _c317257
_d317257